00597cam a22002291 4500001001300000003000400013005001700017008004100034010001700075035001800092040001800110042001200128050002300140100001800163245004500181250001400226260003300240300002500273504002600298650002600324999001700350sa 68016237 DLC20260227112652.0720725s1967 xx 000 0 ind  asa 68016237  a(OCoLC)365131 aDLCcOAUdDLC apremarc00aHF5549b.H255 19670 aHadipoerwono.10aTata personalia.b Personnel management. a[Tjet. 2. aDjakarta]bDjambatanc[1967] aviii, 204 p.c19 cm. aBibliography: p. 204. 0aPersonnel management. c86957d86957